Aktuálne chápanie projektu ako nástroja implementácie inovačnej stratégie
Vplyv globalizácie na strategický manažment. Riziko strategického posunu. Aktuálne prístupy v strategickom manažmente. Štruktúra procesu strategického manažmentu. Proces formovania inovačnej stratégie v nefinančnej organizácii. Projekt ako nástroj implementácie inovačnej stratégie. Projektovo-orient...
Salvato in:
| Autore principale: | |
|---|---|
| Altri autori: | |
| Natura: | Capitolo di libro |
| Lingua: | slovacco |
| Soggetti: | |
| Tags: |
Nessun Tag, puoi essere il primo ad aggiungerne!!
|
MARC
| LEADER | 00000naa a2200000 4500 | ||
|---|---|---|---|
| 001 | 0157298 | ||
| 005 | 20240502072740.6 | ||
| 041 | 0 | |a slo | |
| 044 | |a SK | ||
| 245 | 1 | 0 | |a Aktuálne chápanie projektu ako nástroja implementácie inovačnej stratégie |c František Okruhlica, Štefan Marsina |
| 520 | |a Vplyv globalizácie na strategický manažment. Riziko strategického posunu. Aktuálne prístupy v strategickom manažmente. Štruktúra procesu strategického manažmentu. Proces formovania inovačnej stratégie v nefinančnej organizácii. Projekt ako nástroj implementácie inovačnej stratégie. Projektovo-orientované podniky budúcnosti. Využitie moderných nástrojov v podmienkach Slovenskej republiky. | ||
| 610 | 2 | 0 | |a manažment strategický |
| 610 | 2 | 0 | |a procesy podnikové |
| 610 | 2 | 0 | |a stratégia inovačná |
| 610 | 2 | 0 | |a riadenie projektové |
| 610 | 2 | 0 | |a prostredie podnikové |
| 100 | 1 | |a Okruhlica, František | |
| 700 | 1 | |a Marsina, Štefan | |